000 00493nam a2200157Ia 4500
005 20240927080943.0
008 240331s9999 xx 000 0 und d
020 _a955625000X
082 _bALT
_a808
100 _aMWRAF
245 0 _aAlternative perspectives :
_bA collection of essays on contemporary Muslim Society
260 _aSrilanka
_bMuslim Women's Research And Action Forum
_c1997
300 _a106 p .,
500 _aA collection of essays on contemporary Muslim society
942 _cL
999 _c3125
_d3125